[Event "GER-ch U14"]
[Site "Willingen"]
[Date "2024.05.21"]
[Round "4"]
[White "Hellenbroich, Hanno"]
[Black "Noennig, Jakob1"]
[Result "1-0"]
[WhiteElo "1737"]
[BlackElo "1990"]
[PlyCount "43"]
[EventDate "2024.05.19"]
[EventType "swiss"]
[EventRounds "9"]
[EventCountry "GER"]
[SourceTitle "CBM 220 Extra"]
[Source "ChessBase"]
[SourceDate "2024.07.31"]
[SourceVersion "1"]
[SourceVersionDate "2024.07.31"]
[SourceQuality "1"]

1. e4 e5 2. Nf3 Nc6 3. Bc4 Bc5 4. c3 Nf6 5. d4 exd4 6. b4 Bb6 7. e5 Ne4 8. Bd5 Nxc3 9. Nxc3 dxc3 10. Bg5 Ne7 11. 0-0 0-0 12. Re1 Qe8 13. Bc4 h6 14. Bf6 Ng6 15. Qc2 Kh8 16. Qc1 Kh7 17. Ng5+ hxg5 18. Qxg5 d5 19. Re4 gxf6 20. exf6 Qe6 21. Rh4+ Nxh4 22. Qg7# 1-0

[Event "GER-ch U14"]
[Site "Willingen"]
[Date "2024.05.20"]
[Round "3"]
[White "Aniol, Nico"]
[Black "Hellenbroich, Hanno"]
[Result "1/2-1/2"]
[WhiteElo "1859"]
[BlackElo "1737"]
[PlyCount "41"]
[EventDate "2024.05.19"]
[EventType "swiss"]
[EventRounds "9"]
[EventCountry "GER"]
[SourceTitle "CBM 220 Extra"]
[Source "ChessBase"]
[SourceDate "2024.07.31"]
[SourceVersion "1"]
[SourceVersionDate "2024.07.31"]
[SourceQuality "1"]

1. Nf3 c5 2. c4 Nc6 3. b3 d6 4. d4 g6 5. Bb2 Bg7 6. Qd2 cxd4 7. Nxd4 Nxd4 8. Bxd4 Nf6 9. g3 Ne4 10. Qd3 Qa5+ 11. Nd2 Nxd2 12. Bxg7 Ne4+ 13. Bc3 Qxc3+ 14. Qxc3 Nxc3 15. f3 b5 16. Kd2 bxc4 17. Kxc3 cxb3 18. axb3 Be6 19. e4 0-0 20. Bc4 Rfc8 21. Kd4 1/2-1/2

[Event "GER-ch U14"]
[Site "Willingen"]
[Date "2024.05.19"]
[Round "2"]
[White "Hellenbroich, Hanno"]
[Black "Sickmann, Lisa"]
[Result "0-1"]
[WhiteElo "1737"]
[BlackElo "1980"]
[PlyCount "50"]
[EventDate "2024.05.19"]
[EventType "swiss"]
[EventRounds "9"]
[EventCountry "GER"]
[SourceTitle "CBM 220 Extra"]
[Source "ChessBase"]
[SourceDate "2024.07.31"]
[SourceVersion "1"]
[SourceVersionDate "2024.07.31"]
[SourceQuality "1"]

1. e4 e5 2. Nf3 Nc6 3. Bc4 Bc5 4. 0-0 Nf6 5. d4 Bxd4 6. Nxd4 Nxd4 7. Bg5 d6 8. f4 Be6 9. fxe5 dxe5 10. Bxe6 Nxe6 11. Qxd8+ Rxd8 12. Bxf6 gxf6 13. Nc3 c6 14. Rxf6 Rd2 15. Rf2 Rxf2 16. Kxf2 Ke7 17. Rd1 Nd4 18. Rd2 Rg8 19. g3 a5 20. Na4 Rg4 21. Nc5 b6 22. h3 Rg8 23. Na4 Rb8 24. c3 Ne6 25. h4 b5 0-1

[Event "GER-ch U10"]
[Site "Willingen"]
[Date "2020.10.30"]
[Round "6"]
[White "Hellenbroich, Hanno"]
[Black "Ehrath, Hendrik"]
[Result "1-0"]
[WhiteElo "1291"]
[BlackElo "1193"]
[PlyCount "77"]
[EventDate "2020.10.26"]
[EventType "swiss"]
[EventRounds "7"]
[EventCountry "GER"]
[SourceTitle "CBM 199 Extra"]
[Source "ChessBase"]
[SourceDate "2021.01.31"]
[SourceVersion "1"]
[SourceVersionDate "2021.01.31"]
[SourceQuality "1"]

1. e4 e5 2. Nf3 Nc6 3. Bc4 Bc5 4. c3 Nf6 5. d3 d6 6. 0-0 a6 7. Bb3 Ba7 8. d4 Bg4 9. d5 Ne7 10. Bc2 0-0 11. Nbd2 Ng6 12. h3 Bd7 13. Re1 Qc8 14. Nf1 Re8 15. Be3 h6 16. Bxa7 Rxa7 17. Ng3 Nf4 18. Kh2 Bxh3 19. Nf5 Bxf5 20. exf5 g6 21. g3 N4xd5 22. fxg6 Ng4+ 23. Kg2 Ngf6 24. gxf7+ Kxf7 25. Be4 c6 26. Bc2 Rg8 27. Kg1 Ke7 28. Nh4 Qh3 29. Ng2 Nh5 30. Qf3 Nhf4 31. Nxf4 Nxf4 32. Qxf4 Kd8 33. Qf6+ Kc7 34. Qf7+ Kb6 35. Qxg8 Kc5 36. b4+ Kb6 37. Qd8+ Kb5 38. Bd3+ Ka4 39. Qa5# 1-0

[Event "GER-chT U10"]
[Site "Magdeburg"]
[Date "2016.12.28"]
[Round "4.4"]
[White "Tietz, Daniel"]
[Black "Hellenbroich, Hanno"]
[Result "0-1"]
[WhiteElo "742"]
[BlackElo "600"]
[PlyCount "58"]
[EventDate "2016.12.27"]
[EventType "team-swiss"]
[EventRounds "7"]
[EventCountry "GER"]
[SourceTitle "EXT 2018"]
[Source "ChessBase"]
[SourceDate "2017.10.13"]
[SourceVersion "1"]
[SourceVersionDate "2017.10.13"]
[SourceQuality "1"]
[WhiteTeam "Heng Postbauer"]
[BlackTeam "Luebeck II"]
[WhiteTeamCountry "GER"]
[BlackTeamCountry "GER"]

1. e4 e5 2. Nf3 Nc6 3. Bc4 Nf6 4. Nc3 Bb4 5. a3 Bc5 6. d3 d6 7. Ng5 d5 8. exd5 Nxd5 9. Nxd5 f6 10. Ne4 Be6 11. b4 Be7 12. Ne3 Bxc4 13. Nxc4 0-0 14. Na5 Nxa5 15. bxa5 f5 16. Nc3 Qd4 17. Nb5 Qxa1 18. Nxc7 Qc3+ 19. Bd2 Qxc7 20. 0-0 e4 21. d4 b6 22. a6 Rad8 23. c3 Bxa3 24. g4 Bd6 25. gxf5 Bxh2+ 26. Kg2 g6 27. Rh1 Bf4 28. Bxf4 Qxf4 29. Qb3+ Kh8 0-1